[Event "Canadian op"]
[Site "Quebec"]
[Date "1981.07.13"]
[Round "4"]
[White "Girard, Jeannot"]
[Black "Brodie, Hugh"]
[Result "0-1"]
[WhiteElo "1667"]
[BlackElo "1906"]
[PlyCount "48"]
[EventDate "1981.07.11"]
[EventType "tourn"]
[EventRounds "10"]
[EventCountry "CAN"]
[SourceTitle "EXT 2022"]
[Source "ChessBase"]
[SourceDate "2021.10.06"]
[SourceVersion "1"]
[SourceVersionDate "2021.10.06"]
[SourceQuality "1"]

1. e4 c5 2. Nc3 Nc6 3. f4 d6 4. Nf3 g6 5. Bc4 Bg7 6. d3 e6 7. 0-0 Nge7 8. Qe1 Nd4 9. Bb3 Nec6 10. f5 0-0 11. Ne2 exf5 12. Ng5 Nxb3 13. axb3 Nd4 14. Nxd4 Bxd4+ 15. Kh1 fxe4 16. Nxe4 d5 17. Nc3 Bg7 18. Qg3 Be6 19. Bf4 Qd7 20. Na4 b6 21. Ra2 Rfc8 22. Rfa1 Qc6 23. Qf2 d4 24. c3 b5 0-1